絕代雙驕
| 資料類型: | 圖書 | 書目號: | 53084 |
Leader xxxxxxxxxx 001 __ PCLIS00053084 005 __ 20220328114713.0 010 0_ |a986-146-289-9|b第四冊 : 平裝|dNT$240 010 0_ |a986-146-290-2|b第五冊 : 平裝|dNT$240 100 __ |a20200417e20182006m y0chiy09 e 101 0_ |achi 102 __ |atw 105 __ |aa z 000ay 200 1_ |a絕代雙驕|f古龍著 205 __ |a初版 210 __ |a臺北市|c風雲時代|d2018.11[民107]印刷 215 0_ |a5冊|d21公分 225 1_ |a古龍精品集|v9-10 300 __ |a著者本名熊耀華 306 __ |a2018年6刷 339 __ |a館藏: 第4-5冊 681 __ |a857.9|b843 700 _0 |a古龍|f1938-1985|4著 801 _0 |atw|b內湖高中|c20200417 801 _2 |atw|b內湖高中|c20220328|gCCR |